Money, banking and economics analysis (Record no. 57299)
[ view plain ]
| 000 -LEADER | |
|---|---|
| fixed length control field | 00481 a2200181 4500 |
| 020 ## - INTERNATIONAL STANDARD BOOK NUMBER | |
| International Standard Book Number | 0-13-600247-1 |
| 082 ## - DEWEY DECIMAL CLASSIFICATION NUMBER | |
| Classification number | 332.4 |
| Item number | Si58m |
| 100 ## - MAIN ENTRY--PERSONAL NAME | |
| Personal name | Simpson, Thomas D. |
| 9 (RLIN) | 16382 |
| 245 ## - TITLE STATEMENT | |
| Title | Money, banking and economics analysis |
| 260 ## - PUBLICATION, DISTRIBUTION, ETC. | |
| Place of publication, distribution, etc. | Englewood |
| Name of publisher, distributor, etc. | Cliffs(N.J.) Prentice-Hall |
| Date of publication, distribution, etc. | 1976 |
| 300 ## - PHYSICAL DESCRIPTION | |
| Extent | xvii,493p. illus. |
| 650 ## - SUBJECT ADDED ENTRY--TOPICAL TERM | |
| Topical term or geographic name entry element | Banks |
| 9 (RLIN) | 4211 |
| 650 ## - SUBJECT ADDED ENTRY--TOPICAL TERM | |
| Topical term or geographic name entry element | Banks and banking |
| 9 (RLIN) | 3067 |
| 650 ## - SUBJECT ADDED ENTRY--TOPICAL TERM | |
| Topical term or geographic name entry element | Money |
| 9 (RLIN) | 2430 |
| 650 ## - SUBJECT ADDED ENTRY--TOPICAL TERM | |
| Topical term or geographic name entry element | Monetary policy |
| 653 ## - INDEX TERM--UNCONTROLLED | |
| Uncontrolled term | Finance |
| 942 ## - ADDED ENTRY ELEMENTS (KOHA) | |
| Source of classification or shelving scheme | Dewey Decimal Classification |
| Koha item type | General Collections |
No items available.
